| 000 | 01408nam a2200361 i 4500 | ||
|---|---|---|---|
| 001 | 000043804 | ||
| 003 | DO-SdBNP | ||
| 005 | 20260312124843.0 | ||
| 007 | ta | ||
| 008 | 140502s2012 dr a r 000 0 spa d | ||
| 020 | _a9789945017021 | ||
| 040 |
_aDO-SdBNP _bspa _cBNPHU _erda |
||
| 041 | _aspa | ||
| 082 | 4 |
_a339.46 _bT683p _222 |
|
| 100 | 1 |
_aToribio, Juan Francisco, _eautor _4aut. _954472 |
|
| 245 | 1 | 0 |
_aPobreza y discriminación en el edén del Caribe : _bherencia del ingenio azucarero / _cJuan Francisco Toribio. |
| 264 | 1 |
_aSanto Domingo : _bTriunfo Fast Printing, _c2012. |
|
| 300 |
_aiv, 343 páginas : _bilustraciones ; _c27 cm. |
||
| 336 |
_atexto _btxt _2rdacontent |
||
| 337 |
_asin mediación _bn _2rdamedia |
||
| 338 |
_avolumen _bnc _2rdacarrier |
||
| 500 | _aIncluye datos biográficos del autor en la solapa de la contracubierta. | ||
| 500 | _aIncluye referencias bibliográficas y notas al pie de páginas. | ||
| 504 | _aBibliografía : páginas 304-316. | ||
| 590 | _aInventariado, 2018/BT | ||
| 650 | 4 |
_aIndustria de la caña de azúcar _922538 |
|
| 650 | 4 |
_aDiscriminación racial _zRepública Dominicana _92280 |
|
| 651 | 4 |
_aRepública Dominicana _xCondiciones rurales _99403 |
|
| 651 | 4 |
_aRepública Dominicana _xCondiciones económicas _9281 |
|
| 651 | 4 |
_aRepública Dominicana _xCondiciones sociales _946 |
|
| 910 | _aValidado. Control de calidad. EMS | ||
| 942 |
_2ddc _cLBS1 |
||
| 999 |
_c43293 _d43293 |
||